Sławni ludzie - Wyspy Brytyjskie - Statystyki

Ogólne statystyki
  • Ten quiz został rozwiązany 18 razy
  • Średni wynik to 5 z 15
Statystyki odpowiedzi
Państwo pochodzenia Opis Sławna osoba % Poprawnych
Wielka Brytania (Anglia) Najdłużej panujący monarcha brytyjski Elżbieta II
92%
Wielka Brytania (Anglia) Premier Wielkiej Brytanii w II wojnie światowej Winston Churchill
77%
Wielka Brytania (Walia) Aktor grający w filmach "Słaby punkt" lub "Milczenie owiec" Anthony Hopkins
62%
Wielka Brytania (Szkocja) Trener Manchesteru United w latach 1997-2013 Alex Ferguson
54%
Irlandia Lider zespołu U2 Bono
54%
Wielka Brytania (Anglia) Aktor grający Spidermana Tom Holland
46%
Wielka Brytania (Anglia) Autor "Romea i Julii" i "Hamleta" William Shakespeare
46%
Wielka Brytania (Szkocja) Najbardziej znany szkocki tenisista Andy Murray
38%
Wielka Brytania (Irlandia Północna) Piłkarz. Zdobył mistrzostwo Anglii w 1965 roku i 1967 roku George Best
23%
Irlandia Zawodnik MMA znany z niekonwencjonalnego stylu walki oraz nokautującego ciosu Conor McGregor
15%
Irlandia Autor "Drakuli" Bram Stoker
8%
Irlandia Była prezydent Irlandii Mary Robinson
0%
Wielka Brytania (Walia) Autor "Charliego i fabryki czekolady" Roald Dahl
0%
Irlandia Piosenkarka śpiewająca np. "This is a rebel song" Sinead O'Connor
0%
Wielka Brytania (Irlandia Północna) Kompozytor i piosenkarz. Jego utwory to np. "Moondance" Van Morrison
0%
Nie znaleziono quizów pasujących do podanych kryteriów
Rozkład punktacji
Procent ludzi z każdym wynikiem
Percentyl według liczby udzielonych odpowiedzi
Twoja historia wyników
Nie rozwiązałeś tego quizu